| 000 -ლიდერი |
| ფიქსირებული სიგრძის საკონტროლო ველი |
01045nam a2200217Ia 4500 |
| 001 - საკონტროლო ნომერი |
| საკონტროლო ველი |
3811 |
| 003 - საკონტროლო ნომრის იდენტიფიკატორი |
| საკონტროლო ველი |
GE_BSU |
| 005 - ბოლო ოპერაციის თარიღი და დრო |
| საკონტროლო ველი |
20190816153925.0 |
| 008 - ფიქსირებული სიგრძის მონაცემთა ელემენტები - ზოგადი ინფორმაცია |
| ფიქსირებული სიგრძის საკონტროლო ველი |
181216s1986||||ge |||||||||||||| ||geo|| |
| 040 ## - კატალოგიზაციის წყარო |
| Transcribing agency |
GE_BSU |
| 041 ## - ენის კოდი |
| Language code of text/sound track or separate title |
geo |
| 080 ## - უნივერსალური ათობითი კლასიფიკაციის ინდექსი |
| Universal Decimal Classification number |
101 ა–30 |
| 100 ## - მთავარი ჩანაწერი - პიროვნების სახელი |
| Personal name |
ავალიანი, სერგი |
| 9 (RLIN) |
356 |
| 245 ## - ცნობა სათაურის შესახებ |
| Title |
მეცნიერების ბუნება და მისი საზოგადოებრივი დანიშნულება / |
| Statement of responsibility, etc |
სერგი ავალიანი; რედ. კ. სანაია ; საქ. სსრ. მეცნ. აკად. ფილოსოფიის უნ–ტი. |
| 264 ## - წარმოების, გამოცემის, დისტრიბუციის და სხვა ცნობები |
| გამოცემის, წარმოების, დისტრიბუციის... ადგილი |
თბილისი : |
| გამოცემის, წარმოების, დისტრიბუციის... სახელწოდება |
მეცნიერება, |
| გამოცემის, წარმოების, დისტრიბუციის... თარიღი |
1986. |
| 300 ## - ფიზიკური აღწერა |
| Extent |
123 გვ. |
| Other physical details |
21 სმ. |
| 653 ## - INDEX TERM--UNCONTROLLED |
| Uncontrolled term |
მეცნიერება |
| 700 ## - ADDED ENTRY--PERSONAL NAME |
| Personal name |
სანაია, კ. |
| Relator term |
რედაქტორი |
| 9 (RLIN) |
3654 |
| 710 ## - ADDED ENTRY--CORPORATE NAME |
| Corporate name or jurisdiction name as entry element |
საქ. სსრ. მეცნ. აკად. ფილოსოფიის უნ–ტი. |
| 9 (RLIN) |
3655 |
| 942 ## - ADDED ENTRY ELEMENTS (KOHA) |
| Koha item type |
წიგნი |
| Source of classification or shelving scheme |
|